| 000 | 00790nam a2200229 a 4500 | ||
|---|---|---|---|
| 999 |
_c3603 _d3603 |
||
| 001 | 3603 | ||
| 003 | BD-JhCC | ||
| 005 | 20171115184137.0 | ||
| 008 | 171115s1976 bg ||||| |||| 00| 0 ben d | ||
| 035 | _a(BD-JhCC)3603 | ||
| 040 |
_aBD-JhCC _dBD-JhCC |
||
| 041 | _aben | ||
| 082 |
_a891.442 _bGOR 1976 |
||
| 100 | _aগোর্কী, ম্যাক্সিম | ||
| 245 |
_aইয়েগর বুলিকভ ও অন্যান্য / _b _cম্যাক্সিম গোর্কী; মুস্তাফিজুর রহমান (অনু.) |
||
| 260 |
_aঢাকা : _bমুক্তধারা, _c1976. |
||
| 300 |
_a65 p. : _c21 cm. |
||
| 650 | _aDrama | ||
| 700 | _aরহমান, মুস্তাফিজুর | ||
| 942 |
_2ddc _cBK |
||